| 000 | 00692nam a22001937a 4500 | ||
|---|---|---|---|
| 999 |
_c16909 _d16909 |
||
| 003 | AR-CdUCM | ||
| 008 | 190506b ||||| |||| 00| 0 sap d | ||
| 040 |
_aMUNICIPALIDAD PROVINCIAL DEL CUSCO _cBIBLIOTECA MUNICIPAL DEL CUSCO |
||
| 082 |
_a330.1 / _bS47 |
||
| 100 |
_aShackle, G. L. S.. _936651 |
||
| 245 | _aPara comprender la economía / | ||
| 260 |
_aMéxico : _bFondo de cultura económica, _c1962. |
||
| 300 |
_a323 páginas ; _c18 cm. |
||
| 440 |
_aColección popular. _n32. _936652 |
||
| 505 | _aContenido :Necesidades -- Recursos -- Escasez -- Presupuestos -- Precios -- Producción ... | ||
| 650 |
_aEconomía financiera. _94571 |
||
| 942 |
_2ddc _cLIBROS |
||
| 945 |
_arum _d2019-05-06 |
||